Sestieri of Venice - Map Quiz - Statistics

General Stats
  • This quiz has been taken 17 times
  • The average score is 4 of 6
Answers on the Map
Answers color-coded by a green-red scale on the quiz's map according to % correct below.
 
Answer Stats
Answer % Correct
Cannaregio
85%
San Marco
77%
Dorsoduro
69%
San Polo
69%
Castello
62%
Santa Croce
62%
No matching quizzes found
Score Distribution
Percent of People with Each Score
Percentile by Number Answered
Your Score History
You have not taken this quiz